000 00878cam a2200301 4500
008 000000n2000 000 0 eng u
020 _a186081400X
035 _a(Sirsi) u107921
041 _aeng
050 _a690
100 _aMcGrath, Clodagh
110 _aBuilding Research Establishment
245 _aWaste minimisation on a construction site
260 _aLondon
_bCRC Ltd
_c2000
300 _a8p. ; 30cm.
350 _a0
490 _aBRE Digest
_v447
650 _aBUILT ENVIRONMENT-BUILDING MATERIALS
650 _aLANDFILL TAX
650 _aPRODUCER RESPONSIBILITY OBLIGATION PACKAGING WASTE REGULATIONS
650 _aSITE CONTROL
650 _aWASTE MANAGEMENT
650 _aWASTE MINIMISATION
690 _aBUILT ENVIRONMENT-BUILDING MATERIALS
690 _aENVIRONMENTAL AND LAND CONSULTANCY
700 _aAnderson, Malcolm
942 _n0
999 _c100736
_d100736